عرض عادي عرض مارك
  • عبيد، إبراهيم أحمد مكي

مدخل إسم شخص

عدد التسجيلات المستخدمة في: 2

001 - رقم الضبط

  • حقل الضبط: 65059

003 - معرف رقم الضبط

  • حقل الضبط: OSt

005 - تاريخ ووقت أخر عملية

  • حقل الضبط: 20181217185322.0

008 - عناصر بيانات ثابتة الطول

  • حقل تحكم ثابت الطول: 181217|| aca||aabn | a|a d

040 ## - مصدر الفهرسة

  • هيئة الفهرسة الأصلية: OSt
  • وكالة الكتابة: OSt

100 ## - مدخل -- أسم شخص

  • إسم شخص: عبيد، إبراهيم أحمد مكي

670 ## - بيانات المصدر موجوده

  • الاستشهاد بالمصدر: Work cat.: (OSt): عبيد، إبراهيم أحمد مكي, العلم في معرفة حدود الحرم (النبوي) /, 2017